Регионална библиотека "Любен Каравелов" - Русе

Любовен кръстопът (Запис номер 20726)

MARC детайли
000 -Лидер
Контролно поле с фиксирана дължина 01143nam a2200313 c 4500
003 - Код на организацията, давaща контролен номер
Контролно поле BLK
005 - Дата и час на последна редакция
Контролно поле 20181105114231.0
008 - Елементи от данни с фиксирана дължина
fixed length control field 180413b bul|||||r ||||||| ||bul||
010 ## - Наследен системен номер
LC control number KNG00022964000
020 ## - Международен стандартен номер на книга ISBN
Международен стандартен номер на книга ISBN 954-732-001-7
-- издат.: Коломбина
040 ## - Източник на каталожния запис
Идентификатор на билиотеката - собственик на записа BLK
041 ## - Код за език
Код за езика на текст/звукозапис или на отделно заглавие Български
Код за езика КДБФ Български
080 ## - УДК
Текстов определител УДК Американска литература (на САЩ)
УДК код - определител по УДК 821.111(73)
УДК определител -31
УДК - код + определител 821.111(73)-31
100 1# - Редна дума - Автор
Автор Делински, Барбара
Авторска отговорност първи автор
R(LIN) 59608
139 ## - Редно поле
Редна дума Делински, Барбара
Авторски знак Дели - Д 37
245 10 - Сведения за заглавието
Заглавие Любовен кръстопът
Подзаглавни данни [Роман]
Редно поле (дума) Барбара Делински.
257 ## - Страна на издаване
Страна на създаване/издаване Съединени американски щати
260 ## - Област на издателските данни
-- София
Име на издателя, разпространителя и проч. Коломбина
Година на издаване 1998
Печатница София : Балкан прес
300 ## - Физическа характеристика
Страници 222 с.
Размери/Мащаб 20 см
380 ## - Жанр
Жанр Худож. лит.
490 1# - СЕРИИ (Колекции)
Име на серия Harlequin
490 1# - СЕРИИ (Колекции)
-- Подсерия
Име на серия Супер романс
№: серия 16
500 ## - Общи забележки
Забележка Ориг. загл. Twelve across / Barbara Delinsky. - 2 300 тир.
852 ## - Местоположение
Форматна сигнатура Цб 196190
856 4# - Електронен адрес и достъп
Електронен формат pdf - файл
Път до файла /url/
856 4# - Електронен адрес и достъп
Електронен формат pdf - файл
Път до файла /url/
942 ## - АРТИКУЛИ
Вид на библиотечния материал Книги
Скрит в OPAC Не
Koha issues (borrowed), all copies 1
944 ## - СЪЗДАВАНЕ И РЕДАКЦИЯ на ЗАПИСА
Създаване/Редакция Създаване
Дата на регистрацията/редакция 15.01.2003
Служител, извършил регистрацията/редакцията AB_DOS
944 ## - СЪЗДАВАНЕ И РЕДАКЦИЯ на ЗАПИСА
Създаване/Редакция Редакция
Дата на регистрацията/редакция 15.02.2017
Служител, извършил регистрацията/редакцията Христина_Везирева
999 ## - СИСТЕМНИ КОНТРОЛНИ НОМЕРА
Koha biblionumber 20726
Koha biblioitemnumber 20726
Наличности
Код за отписване Код за изгубен артикул Източник на класификационната схема Код за повреда Коз за рестрикции Код за отдаване Артикулен № Име на библиотеката - собственик Име на библиотеката, в която се намира в момента Статус (Текущо местоположение) Дата на вписване в системата Местоположение - отдел Цена в лева Инвентарен номер Систематично азбучна сигнатура Баркод Номер на екземпляра Цена в евро Служебна бележка Служебен тип на артикула
Изтеглен Не е изгубен Universal Decimal Classification Не е повреден без рестрикции заемане за дома 34313 Регионална библиотека "Любен Каравелов" Русе Регионална библиотека "Любен Каравелов" Русе Заемна - подръчен фонд 2001-01-01 Заемна - подръчен фонд 2.80 639145 П 820(73)-31/Д 37 639145 1 1.43 Дата инв: 15.02.2018 Бележки инв: П2018 Книги
Изтеглен Не е изгубен Universal Decimal Classification Не е повреден без рестрикции заемане за дома 34314 Регионална библиотека "Любен Каравелов" Русе Регионална библиотека "Любен Каравелов" Русе Заемна - подръчен фонд 2001-01-01 Заемна - подръчен фонд 2.80 639146 П 820(73)-31/Д 37 639146 2 1.43   Книги
  Не е изгубен Universal Decimal Classification Не е повреден без рестрикции ползва се в читалня 34315 Регионална библиотека "Любен Каравелов" Русе Регионална библиотека "Любен Каравелов" Русе Хранилище 2001-01-01 Хранилище 2.80 642173 Цб 196190 120000642173 3 1.43   Книги
Vip Innovations Ltd, Rousse, Bulgaria 2025